000 00926naa a2200229 c 4500
001 48470
003 ES-MaCES
005 20161028120456.0
008 161028s2016 uk ||||| t||||||| ||eng d
040 _aES-MaCES
_bspa
_cES-MaCES
_dES-MaCES
245 0 0 _aOrganization and governance in social economy enterprises
650 4 _930379
_aeconomía social
650 4 _930590
_aresponsabilidad social
650 4 _927136
_acooperativa
650 4 _927312
_aorganización sin fines de lucro
650 4 _930601
_aestrategia empresarial
650 4 _930332
_aplanificación corporativa
653 1 0 _aEmpresa
773 0 _985182
_dOxford (108, Cowley Road) Blackwell ; Liège (Sart-Tilman, Bât 33 bte 6, 4000) : CIRIEC
_o088080
_tAnnals of public and cooperative economics
_w(ES-MaCES)25705
_gvol. 87, no. 3 (Sept. 2016) {10704 R. 088080} ; 496p.
902 _aMON Monográfico de revista
942 _2CES
_cAR
_h0.0.
999 _c48470
_d48470